| 000 | 00508nam a2200193Ia 4500 | ||
|---|---|---|---|
| 003 | GCL | ||
| 008 | 140319s9999 xx 000 0 eng d | ||
| 040 |
_aGCL / _cGCL |
||
| 082 | 0 | 4 |
_a953 _bA I |
| 100 | 1 | _aAZIZ AL-AZMEH | |
| 245 | 1 | 0 |
_aIBN KHALDUN / _cAZIZ AL-AZMEH |
| 260 |
_aالقاهرة : _bTHE AMERICAN UNIVERSITY IN CAIRO PRESS ، _c1993 |
||
| 300 |
_a20 CM ؛ _c176 P |
||
| 650 | 0 | 4 | _aISLAM - HISTORY |
| 650 | 0 | 4 | _aSOCIOLOGY |
| 650 | 0 | 4 | _aHISTORY |
| 650 | 0 | 4 | _aISLAMIC STUDIES |
| 942 |
_2ddc _cBK |
||
| 999 |
_c12536 _d12536 |
||